VIP... Tradotti - 3 - Statistics

Statistiche generali
  • Questo quiz è stato fatto 82 volte
  • Il punteggio medio è 6 su 15
Statistiche sulle risposte
Nome tradotto Personaggio famoso % Corretto
Paolo Camminatore Paul Walker
90%
Tommaso Olanda Tom Holland
89%
Giovanni Leggenda John Legend
86%
Vincenzo Gasolio Vin Diesel
83%
Daniele Giorno Luigi Daniel Day Lewis
48%
Margherita Robertina Margot Robbie
45%
Margherita Volpe Megan Fox
41%
Ugo Donazione Hugh Grant
32%
Pettirosso Guglielmi Robin Williams
30%
Rachele Di Adami Rachel McAdams
27%
Stefano Di Regina Steve McQueen
24%
Gregorio Beccata Gregory Peck
17%
Agostino Maggiordomo Austin Butler
15%
Tommaso Robusto Tom Hardy
14%
Giuditta Adottiva Jodie Foster
7%
Nessun quiz corrispondente trovato
Distribuzione punteggi
Percentuale di utenti per punteggio
Percentile per numero di risposta
I tuoi punteggi nel tempo
Non hai fatto questo quiz